Zgadnij grę komputerową po 3 frazach! - Statystyki

Ogólne statystyki
  • Ten quiz został rozwiązany 524 razy
    320 od ostatniego zresetowania
  • Średni wynik to 12 z 40
Statystyki odpowiedzi
Słowa: Gra: % Poprawnych
Diamenty | Bloki | Smok Minecraft
97%
Piłka nożna | Mecz | Stare Fifa
76%
Prawdziwe Życie | Samochody | Broń Grand Theft Auto
68%
Bronie | Terroryści | Skórki Counter-Strike: Global Offensive
67%
Skórki | Bronie | Mapa Fortnite
60%
Las | Kanibale | Wypadek samolotowy The Forest
57%
Polska gra | Średniowiecze | Miecz Wiedźmin
53%
Animatroniki | Kamery | Maski Five nights at Fredy's
52%
Kowboj | Fabuła | Broń Red Dead Redemption
49%
Piłka nożna | Mecze | Nowe EA SPORT FC
45%
Tratwa | Rekin | Morze Raft
45%
Dom | Prawdziwe Życie | Postacie The Sims
45%
Kangur | Rękawice bokserskie | Monety Kangurek Kao
43%
Kabelki | Statek kosmiczny | Zabójca Among Us
39%
Hydraulik | Rury | Żółwie Super Mario
39%
47 | Zabójstwo | Ukrycie Hitman
38%
Zombie | Slumsy | Agent Dying Light
37%
Zupa pomidorowa | Bunkier | Apokalipsa 60 seconds
34%
Wąż| Kulki | Wielkość Snake io
32%
Będę Grał w Grę | Kobieta | Zgubić się Tomb Raider
31%
Remont | Dom | Zlecenia House Flipper
30%
Infekcja | Ewolucja | Świat Plague Inc
29%
Mapy | Postacie | Gadżety Roblox
22%
Drzewo | Punkty | Siekiera Timberman
22%
Skok | Kwadrat | Poziomy Geometry Dash
21%
Latające oczy | Drzewa | Zepsucie Terraria
21%
Dokumenty | Granica | Inspektor Papers Please
17%
Więzienie | Ucieczka | Strażnicy The Escapist
14%
Złodziej | Van | Lombard Thief Simulator
14%
Szkielet | Tajemniczość | Dziewczynka Undertale
12%
Koło | Masa | Zjadanie Agario
9%
Zarządca bydynku | Szpieg | Dowody Beholder
8%
Wojna | Cywile | Zapasy This War of Mine
5%
Magia | Jednostki | Zamki Heroes of Might and Magic III
4%
Głupia śmierć | Zamek | Zakończenia Reventure
2%
Łóżko | Noc | Potwór Boogeyman
1%
Śmierć | Postacie | Magia Don't Starve Together
1%
17 | Potwory | Polska gra Gorky 17
1%
Jednostki | Walka | Żywioły Disciples: Sacred Lands
0%
Rekrutacja | Walka | Magia The Battle for Wesnoth
0%
Nie znaleziono quizów pasujących do podanych kryteriów
Rozkład punktacji
Procent ludzi z każdym wynikiem
Percentyl według liczby udzielonych odpowiedzi
Twoja historia wyników
Nie rozwiązałeś tego quizu od ostatniego zresetowania